Au Nord ou au Sud de Paris? (Niveau Facile) - Statistiques

Statistiques générales
  • Ce quiz a été pris 476 fois
  • Le résultat moyen est 18 sur 20
Statistiques - réponses
Question Réponse % Correct
Lille Nord
100%
Rouen Nord
100%
Calais Nord
100%
Marseille Sud
100%
Lyon Sud
100%
Ajaccio Sud
100%
Bordeaux Sud
100%
Toulouse Sud
100%
Montpellier Sud
100%
Nice Sud
94%
Toulon Sud
94%
Perpignan Sud
94%
Saint-Étienne Sud
94%
Le Havre Nord
88%
Orléans Sud
88%
Amiens Nord
82%
Reims Nord
76%
Nantes Sud
76%
Metz Nord
71%
Caen Nord
71%
Aucun quiz correspondant
Distribution des résultats
% des personnes avec chaque résultat
Percentile par nombre de réponses
Votre historique - résultats
Vous n’avez pas pris ce quiz